[Event "Alta Apne op"]
[Site "Alta"]
[Date "2008.06.15"]
[Round "4"]
[White "Hanssen, Gunnar Berg"]
[Black "Johnsen, Svein Harald"]
[Result "1-0"]
[WhiteElo "2182"]
[BlackElo "1784"]
[PlyCount "69"]
[EventDate "2008.06.13"]
[EventType "swiss"]
[EventRounds "5"]
[EventCountry "NOR"]
[SourceTitle "EXT 2010"]
[Source "ChessBase"]
[SourceDate "2010.11.25"]
[SourceVersion "1"]
[SourceVersionDate "2010.11.25"]
[SourceQuality "1"]

1. d4 Nf6 2. c4 c5 3. Nf3 cxd4 4. Nxd4 e5 5. Nb5 d6 6. g3 Be7 7. Bg2 h6 8. 0-0 0-0 9. N1c3 a6 10. Na3 Nc6 11. Nc2 Be6 12. Ne3 Rc8 13. b3 b5 14. cxb5 Nd4 15. Bb2 Nxb5 16. Ncd5 Nxd5 17. Nxd5 Bxd5 18. Bxd5 Nc3 19. Bxc3 Rxc3 20. Qd2 Qa5 21. Rfd1 Rfc8 22. a3 Bg5 23. Qe1 e4 24. Bc4 Bf6 25. Rxd6 Qe5 26. Rad1 a5 27. R1d5 Qe7 28. a4 Be5 29. Rd7 Qb4 30. Qd2 Bf6 31. Rf5 e3 32. fxe3 Bg5 33. Rfxf7 R3xc4 34. Rxg7+ Kf8 35. Rdf7+ 1-0

[Event "Alta Apne op"]
[Site "Alta"]
[Date "2008.06.14"]
[Round "3"]
[White "Brasoy, Aksel"]
[Black "Johnsen, Svein Harald"]
[Result "0-1"]
[WhiteElo "1929"]
[BlackElo "1784"]
[PlyCount "100"]
[EventDate "2008.06.13"]
[EventType "swiss"]
[EventRounds "5"]
[EventCountry "NOR"]
[SourceTitle "EXT 2010"]
[Source "ChessBase"]
[SourceDate "2010.11.25"]
[SourceVersion "1"]
[SourceVersionDate "2010.11.25"]
[SourceQuality "1"]

1. d4 Nf6 2. c4 e6 3. Nf3 Bb4+ 4. Bd2 a5 5. Nc3 Bxc3 6. Bxc3 Ne4 7. Rc1 d6 8. g3 b6 9. Bg2 Bb7 10. 0-0 Nd7 11. Be1 Ra7 12. Qa4 Qa8 13. Nd2 Nc3 14. Rxc3 Bxg2 15. Rd3 Bxf1 16. Nxf1 c6 17. Qc2 d5 18. Ne3 0-0 19. Bc3 Rc8 20. b3 Nf6 21. f3 Qb8 22. Ng2 dxc4 23. bxc4 b5 24. c5 Nd5 25. e4 Nb4 26. Bxb4 axb4 27. Rb3 Ra4 28. Nf4 Qa7 29. Rb2 b3 30. Qxb3 Rxd4 31. Nxe6 Rc4 32. Nf4 Qxc5+ 33. Kg2 Rd8 34. Re2 Rc3 35. Qb2 Qa3 36. Qxa3 Rxa3 37. Rc2 Rb8 38. Ne2 Kf8 39. Nc1 Rb6 40. g4 Ke7 41. Kg3 g5 42. Rc5 f6 43. e5 b4 44. exf6+ Kxf6 45. Rf5+ Kg6 46. h4 h6 47. hxg5 hxg5 48. Re5 Rc3 49. Re1 c5 50. Kf2 Rf6 0-1

[Event "NOR-chT lag"]
[Site "Tromsoe"]
[Date "2008.02.29"]
[Round "4"]
[White "Johnsen, Svein Harald"]
[Black "Pettersen, Magnor"]
[Result "1/2-1/2"]
[WhiteElo "1794"]
[BlackElo "1269"]
[PlyCount "29"]
[EventDate "2008.02.29"]
[EventType "team-tourn"]
[EventRounds "5"]
[EventCountry "NOR"]
[SourceTitle "EXT 2010"]
[Source "ChessBase"]
[SourceDate "2010.11.25"]
[SourceVersion "1"]
[SourceVersionDate "2010.11.25"]
[SourceQuality "1"]

1. e4 c5 2. Nf3 d6 3. Bb5+ Nc6 4. Bxc6+ bxc6 5. h3 e5 6. 0-0 Nf6 7. d3 Be7 8. Nbd2 0-0 9. Nc4 Be6 10. Qe2 Qc7 11. b3 Bxc4 12. dxc4 a5 13. a4 Rfe8 14. Bb2 Nd7 15. Nh2 1/2-1/2

[Event "Hostmesterskap"]
[Site "Vadso"]
[Date "2007.10.18"]
[Round "5"]
[White "Johnsen, Svein Harald"]
[Black "Malin, Odd Gunnar"]
[Result "1/2-1/2"]
[WhiteElo "1814"]
[BlackElo "1563"]
[PlyCount "37"]
[EventDate "2007.??.??"]
[EventType "swiss"]
[EventRounds "6"]
[EventCountry "NOR"]
[SourceTitle "EXT 2010"]
[Source "ChessBase"]
[SourceDate "2010.11.25"]
[SourceVersion "1"]
[SourceVersionDate "2010.11.25"]
[SourceQuality "1"]

1. e4 c5 2. Nf3 g6 3. g3 Bg7 4. Bg2 Nc6 5. 0-0 d6 6. c3 Nf6 7. Re1 Bg4 8. h3 Bxf3 9. Bxf3 Ne5 10. Bg2 Nd3 11. Re3 Nxc1 12. Qxc1 Qc7 13. Qc2 0-0 14. a4 Bh6 15. Re2 e5 16. Na3 c4 17. d4 a6 18. Ree1 Rab8 19. a5 1/2-1/2

[Event "Klubbmesterskap"]
[Site "Vadso"]
[Date "2007.02.22"]
[Round "5"]
[White "Johnsen, Svein Harald"]
[Black "Esbensen, Hans Fredrik"]
[Result "0-1"]
[WhiteElo "1768"]
[BlackElo "1452"]
[PlyCount "94"]
[EventDate "2007.??.??"]
[EventType "swiss"]
[EventRounds "6"]
[EventCountry "NOR"]
[SourceTitle "EXT 2010"]
[Source "ChessBase"]
[SourceDate "2010.11.25"]
[SourceVersion "1"]
[SourceVersionDate "2010.11.25"]
[SourceQuality "1"]

1. e4 c5 2. b4 b6 3. bxc5 bxc5 4. Bc4 Nc6 5. f4 e6 6. Bb2 Rb8 7. Bc3 d5 8. exd5 exd5 9. Qe2+ Nge7 10. Bb5 Bd7 11. Bxc6 Bxc6 12. Be5 Rb4 13. d3 f6 14. Bc3 Rxf4 15. Nh3 Rf5 16. g4 d4 17. gxf5 Bxh1 18. Bd2 Qd5 19. Na3 Bf3 20. Nb5 Qxf5 21. Nd6+ Kd7 22. Nxf5 Bxe2 23. Nxe7 Bg4 24. Nf2 Be6 25. Rb1 Bxe7 26. Rb7+ Ke8 27. Rb8+ Bd8 28. Ne4 Kf7 29. Rb7+ Kg6 30. Nxc5 Bd5 31. Rxa7 Bb6 32. Rd7 Re8+ 33. Kf2 Bxa2 34. Ne4 Bb1 35. Rb7 Re6 36. Nc5 Rc6 37. Na4 Rxc2 38. Rxb6 Rxd2+ 39. Ke1 Rxh2 40. Rd6 Bxd3 41. Rxd4 Bc2 42. Nc5 h5 43. Ne6 Bf5 44. Nf4+ Kg5 45. Ne2 Bg4 46. Ng3 f5 47. Nf1 Re2+ 0-1

[Event "Finnmark-ch"]
[Site "Karasjok"]
[Date "2006.03.10"]
[Round "1"]
[White "Rist, Karl Johan"]
[Black "Johnsen, Svein Harald"]
[Result "0-1"]
[WhiteElo "1257"]
[BlackElo "1752"]
[PlyCount "88"]
[EventDate "2006.03.10"]
[EventType "swiss"]
[EventRounds "5"]
[EventCountry "NOR"]
[SourceTitle "EXT 2007"]
[Source "ChessBase"]
[SourceDate "2006.11.23"]
[SourceVersion "1"]
[SourceVersionDate "2006.11.23"]
[SourceQuality "1"]

1. d4 Nf6 2. Nc3 c5 3. d5 g6 4. e4 d6 5. Nf3 Nbd7 6. Bd3 Bg7 7. 0-0 0-0 8. Re1 Ng4 9. Bf4 Nde5 10. Nxe5 Nxe5 11. Be2 h5 12. Bxh5 gxh5 13. Qxh5 f5 14. Bh6 Qe8 15. Qxe8 Rxe8 16. Bxg7 Kxg7 17. f4 Ng6 18. g3 fxe4 19. Nxe4 Bf5 20. Ng5 b5 21. c3 a5 22. Re3 c4 23. Rae1 Rab8 24. a3 b4 25. h4 bxa3 26. bxa3 Rb1 27. Rxb1 Bxb1 28. Ne6+ Kf6 29. h5 Nf8 30. Nd4 Bf5 31. Kf2 Bg4 32. Nc6 Bxh5 33. Nxa5 Rc8 34. Re4 Bf7 35. Rd4 Rc5 36. Nxc4 Bxd5 37. Ne3 Bc6 38. c4 Ra5 39. Nc2 Ne6 40. Rd2 Nc5 41. Ke3 Ra4 42. g4 Rxc4 43. g5+ Kg6 44. Rh2 Re4+ 0-1

[Event "NOR-chT"]
[Site "Karasjok"]
[Date "2005.10.09"]
[Round "5"]
[White "Johnsen, Svein Harald"]
[Black "Romsdal, Geir"]
[Result "1-0"]
[WhiteElo "1803"]
[BlackElo "1390"]
[PlyCount "41"]
[EventDate "2005.10.07"]
[EventType "team"]
[EventRounds "5"]
[EventCountry "NOR"]
[SourceTitle "EXT 2007"]
[Source "ChessBase"]
[SourceDate "2006.11.23"]
[SourceVersion "1"]
[SourceVersionDate "2006.11.23"]
[SourceQuality "1"]

1. e4 e6 2. d4 d5 3. e5 c5 4. c3 Nc6 5. Nf3 Qb6 6. a3 cxd4 7. cxd4 Nh6 8. b4 Nf5 9. Bb2 h5 10. Bd3 Bd7 11. Bxf5 exf5 12. Nc3 Be6 13. 0-0 Be7 14. Qd3 0-0-0 15. Rfc1 a6 16. Na4 Qa7 17. b5 axb5 18. Qxb5 Bd7 19. Nb6+ Kb8 20. Nxd7+ Rxd7 21. Rxc6 1-0

[Event "NOR-chT"]
[Site "Karasjok"]
[Date "2005.10.09"]
[Round "4"]
[White "Svendsen, Frank"]
[Black "Johnsen, Svein Harald"]
[Result "1-0"]
[WhiteElo "1872"]
[BlackElo "1803"]
[PlyCount "65"]
[EventDate "2005.10.07"]
[EventType "team"]
[EventRounds "5"]
[EventCountry "NOR"]
[SourceTitle "EXT 2007"]
[Source "ChessBase"]
[SourceDate "2006.11.23"]
[SourceVersion "1"]
[SourceVersionDate "2006.11.23"]
[SourceQuality "1"]

1. d4 d6 2. e4 e5 3. Nf3 Nd7 4. Bc4 Be7 5. 0-0 Ngf6 6. Re1 0-0 7. h3 c6 8. Nc3 Qc7 9. a4 a5 10. Be3 Nb6 11. Bb3 Nfd7 12. Qd2 Bf6 13. Rad1 Rd8 14. Ng5 Bxg5 15. Bxg5 Re8 16. Re3 Nf8 17. Rg3 Be6 18. d5 cxd5 19. exd5 Bf5 20. Nb5 Qd7 21. Rc3 Rac8 22. Rxc8 Rxc8 23. Qxa5 Nc4 24. Qb4 Bxh3 25. gxh3 Qxh3 26. Rd3 Qg4+ 27. Rg3 Qd1+ 28. Kg2 Qxd5+ 29. Kh2 Ng6 30. Bxc4 Rxc4 31. Qxd6 Qxd6 32. Nxd6 Rxc2 33. Rc3 1-0

[Event "Finnmark-ch"]
[Site "Karasjok"]
[Date "2005.03.20"]
[Round "4"]
[White "Indbryn, Tommy"]
[Black "Johnsen, Svein Harald"]
[Result "1-0"]
[WhiteElo "2105"]
[BlackElo "1790"]
[PlyCount "67"]
[EventDate "2005.03.19"]
[EventType "swiss"]
[EventRounds "5"]
[EventCountry "NOR"]
[SourceTitle "EXT 2007"]
[Source "ChessBase"]
[SourceDate "2006.11.23"]
[SourceVersion "1"]
[SourceVersionDate "2006.11.23"]
[SourceQuality "1"]

1. d4 d6 2. e4 Nf6 3. Bd3 e5 4. c3 g6 5. f4 Bg7 6. Nf3 exd4 7. cxd4 0-0 8. Nc3 c5 9. d5 b5 10. Bxb5 Nxe4 11. Nxe4 Qa5+ 12. Kf2 Qxb5 13. Nxd6 Qb6 14. Nxc8 Rxc8 15. Rb1 Nd7 16. Qc2 Nf6 17. Qc4 Rd8 18. Rd1 Rd6 19. Ne5 Rad8 20. Be3 Rxd5 21. Rxd5 Rxd5 22. b4 Qe6 23. Rc1 cxb4 24. Qxb4 Bf8 25. Qb8 Kg7 26. Qxa7 g5 27. Rc7 Rxe5 28. fxe5 Ng4+ 29. Kg1 Qd5 30. Qd4 Nxe3 31. Qxe3 Qa5 32. Qxg5+ Kh8 33. Qf6+ Kg8 34. Qxf7+ 1-0

[Event "Finnmark-ch"]
[Site "Karasjok"]
[Date "2005.03.19"]
[Round "3"]
[White "Johnsen, Svein Harald"]
[Black "Johnsen, Kjell Magne"]
[Result "1/2-1/2"]
[WhiteElo "1790"]
[BlackElo "1742"]
[PlyCount "27"]
[EventDate "2005.03.19"]
[EventType "swiss"]
[EventRounds "5"]
[EventCountry "NOR"]
[SourceTitle "EXT 2007"]
[Source "ChessBase"]
[SourceDate "2006.11.23"]
[SourceVersion "1"]
[SourceVersionDate "2006.11.23"]
[SourceQuality "1"]

1. c4 c6 2. Nf3 d5 3. d4 Nf6 4. Nc3 e6 5. e3 Nbd7 6. Bd3 dxc4 7. Bxc4 b5 8. Bd3 Bb7 9. 0-0 Bd6 10. b3 0-0 11. Bb2 Rc8 12. Rc1 a6 13. Qe2 Qe7 14. Ne4 1/2-1/2

[Event "Vadso"]
[Site "Vadso"]
[Date "2005.02.03"]
[Round "3"]
[White "Esbensen, Hans Fredrik"]
[Black "Johnsen, Svein Harald"]
[Result "0-1"]
[WhiteElo "1441"]
[BlackElo "1790"]
[PlyCount "42"]
[EventDate "2005.01.13"]
[EventType "tourn"]
[EventRounds "10"]
[EventCountry "NOR"]
[SourceTitle "EXT 2008"]
[Source "ChessBase"]
[SourceDate "2007.11.25"]
[SourceVersion "1"]
[SourceVersionDate "2007.11.25"]
[SourceQuality "1"]

1. f4 e5 2. fxe5 d6 3. Nf3 dxe5 4. e4 Bc5 5. Bc4 Nf6 6. d3 h6 7. Bxf7+ Kxf7 8. Nxe5+ Kg8 9. c3 Qe8 10. Bf4 g5 11. Bg3 Nh5 12. d4 Nxg3 13. hxg3 Bd6 14. Qb3+ Qe6 15. Qxe6+ Bxe6 16. Ng6 Bxg3+ 17. Kd2 Rh7 18. d5 Bg4 19. Na3 Nd7 20. Nc4 Re8 21. Kd3 Nc5+ 0-1

[Event "Karasjok op1"]
[Site "Karasjok"]
[Date "2004.10.16"]
[Round "3"]
[White "Hammari, Jan Arnt"]
[Black "Johnsen, Svein Harald"]
[Result "1/2-1/2"]
[WhiteElo "1530"]
[BlackElo "1783"]
[PlyCount "46"]
[EventDate "2004.10.15"]
[EventType "swiss"]
[EventRounds "5"]
[EventCountry "NOR"]
[SourceTitle "EXT 2008"]
[Source "ChessBase"]
[SourceDate "2007.11.25"]
[SourceVersion "1"]
[SourceVersionDate "2007.11.25"]
[SourceQuality "1"]

1. c4 e5 2. Nc3 Nf6 3. g3 d5 4. cxd5 Nxd5 5. Bg2 Nb6 6. d3 Be7 7. Nf3 Nc6 8. 0-0 0-0 9. Be3 Re8 10. Rc1 Bf8 11. Ng5 Nd4 12. Qd2 c6 13. f4 f6 14. Nge4 Nd5 15. fxe5 Nxe3 16. Qxe3 Rxe5 17. Qd2 f5 18. Nf2 Qa5 19. e3 Nb5 20. d4 Re8 21. Nd3 Be6 22. Nf4 Bc4 23. Rf2 Rad8 1/2-1/2

[Event "Vadso op"]
[Site "Vadso"]
[Date "2004.10.07"]
[Round "4"]
[White "Johnsen, Svein Harald"]
[Black "Odden, Jan Ove"]
[Result "1-0"]
[WhiteElo "1783"]
[BlackElo "1447"]
[PlyCount "93"]
[EventDate "2004.09.09"]
[EventType "swiss"]
[EventRounds "6"]
[EventCountry "NOR"]
[SourceTitle "EXT 2008"]
[Source "ChessBase"]
[SourceDate "2007.11.25"]
[SourceVersion "1"]
[SourceVersionDate "2007.11.25"]
[SourceQuality "1"]

1. e4 e5 2. Nf3 Nc6 3. Bc4 Bc5 4. c3 d6 5. d4 exd4 6. cxd4 Bb4+ 7. Nc3 Bg4 8. 0-0 Qd7 9. Nd5 Nge7 10. Nxb4 Nxb4 11. Bxf7+ Kxf7 12. Qb3+ Kf8 13. Qxb4 Bxf3 14. gxf3 b6 15. a4 Kf7 16. Ra3 Rhf8 17. f4 Kg8 18. Rg3 c5 19. dxc5 bxc5 20. Qc4+ Kh8 21. f5 d5 22. Qc3 Ng8 23. f3 Rac8 24. Rd1 d4 25. Qc4 Qd6 26. Bd2 Nf6 27. b4 cxb4 28. Qxb4 Qxb4 29. Bxb4 Rfd8 30. Be7 Rd7 31. Bxf6 gxf6 32. Rg2 Rc4 33. Ra2 Kg7 34. Kf2 a5 35. Ke2 Kf7 36. Rb1 Rc3 37. Rb5 d3+ 38. Kd2 Rdc7 39. Rxa5 Rc2+ 40. Rxc2 Rxc2+ 41. Kxd3 Rxh2 42. Ra7+ Kg8 43. Kd4 h5 44. Kd5 Rc2 45. a5 h4 46. a6 h3 47. Rb7 1-0

[Event "Vadso op"]
[Site "Vadso"]
[Date "2004.09.16"]
[Round "2"]
[White "Njaa, John Olav"]
[Black "Johnsen, Svein Harald"]
[Result "0-1"]
[WhiteElo "1483"]
[BlackElo "1783"]
[PlyCount "36"]
[EventDate "2004.09.09"]
[EventType "swiss"]
[EventRounds "6"]
[EventCountry "NOR"]
[SourceTitle "EXT 2008"]
[Source "ChessBase"]
[SourceDate "2007.11.25"]
[SourceVersion "1"]
[SourceVersionDate "2007.11.25"]
[SourceQuality "1"]

1. Nf3 c5 2. e4 d6 3. d4 cxd4 4. c3 dxc3 5. Nxc3 Nf6 6. Bc4 e6 7. 0-0 Be7 8. Qe2 e5 9. Rd1 Bg4 10. Bxf7+ Kxf7 11. Qc4+ Ke8 12. Nxe5 Qc8 13. Qf7+ Kd8 14. Nxg4 Qxg4 15. e5 Nfd7 16. exd6 Bf6 17. f3 Qf5 18. Nd5 Bd4+ 0-1

[Event "Vadsosjakken-A"]
[Site "Vadso"]
[Date "2001.08.31"]
[Round "1"]
[White "Johnsen, Svein Harald"]
[Black "Fedin, Viktor"]
[Result "1/2-1/2"]
[WhiteElo "1806"]
[BlackElo "1817"]
[PlyCount "99"]
[EventDate "2001.08.??"]
[EventType "swiss"]
[EventRounds "5"]
[EventCountry "NOR"]
[SourceTitle "EXT 2005"]
[Source "ChessBase"]
[SourceDate "2004.11.15"]
[SourceVersion "1"]
[SourceVersionDate "2004.11.15"]
[SourceQuality "1"]

1. e4 c6 2. Nc3 d5 3. Qf3 e6 4. exd5 exd5 5. Qg3 Bd6 6. f4 Be7 7. Nf3 Bf6 8. d4 Bf5 9. Bd3 Bxd3 10. cxd3 Qe7+ 11. Kf2 Qb4 12. a3 Qb6 13. Re1+ Ne7 14. f5 0-0 15. Qf4 c5 16. Rxe7 Bxe7 17. Nxd5 Qd8 18. Nxe7+ Qxe7 19. f6 Qxf6 20. Qxf6 gxf6 21. dxc5 Nc6 22. d4 Rad8 23. Be3 a5 24. b4 axb4 25. axb4 Ra8 26. Rxa8 Rxa8 27. b5 Ne7 28. Bf4 Ra2+ 29. Kg3 Rb2 30. b6 Rb4 31. Kg4 Kg7 32. Bd6 Nc6 33. Kh3 Nxd4 34. c6 Nxc6 35. Bxb4 Nxb4 36. Nd4 Kg6 37. Nb5 Nd3 38. Nd6 Nc5 39. Kg4 Nd7 40. Nxb7 Nxb6 41. Nd6 Nd5 42. h4 f5+ 43. Kf3 f6 44. g3 h6 45. Ke2 Ne7 46. Kf3 Nc6 47. Kf4 Nd4 48. Nxf5 Nxf5 49. h5+ Kxh5 50. Kxf5 1/2-1/2